000 00504 a2200169 4500
005 20250528074403.0
020 _a0-13-147591-6
082 _aLECT 657.028 ROM
100 _aROMNEY, M
245 _aAccounting Information Systems
250 _a10th Ed.
260 _aNew Jersey,
_bPearson,
_c2006.
300 _axxiii, 805p.: ill.; figure, table.
_bGlossary & Index.
_c28cm.
700 _aSTEINBART, P
856 _yAccess Online Book
_fAccounting Information Systems
_dwww.prenhall.com
942 _2ddc
_cBKS
999 _c2756
_d2756